000 01525cam a2200445 4500
999 _c23496
_d23496
001 vtls011703444
005 20221013130412.0
008 210624s2017 xo er 010 fdslo
020 _a9788081594977
_q(viazané)
035 _a9CB0EDDE-839C-4E62-A202-52A12B9DC3BE
035 _aurn:nbn:sk:snk-am3ie8z
035 _aurn:nbn:sk:snk-am00e6p8
040 _aPPPK
_bslo
_cPPPK
_dSNK
_erda
041 1 _aslo
_hnor
044 _axo
_cSK
072 7 _a821.11
_xGermánske literatúry
_2konspekt
080 _a821.113.5-31
_22011
080 _a(0:82-312.4)
_22011
100 1 _aBrekke, Jørgen,
_d1968-
_4aut
_93727
240 1 0 _aDrømmeløs
_lSlovensky
245 1 0 _aUspávanka
_cJørgen Brekke ; z nórčiny preložila Zuzana Demjánová
246 1 _iSéria:
_aInšpektor Singsaker
_nDruhý diel
250 _aPrvé vydanie
264 1 _a[Bratislava]
_bPremedia
_c2017
300 _a272 strán
_c21 cm
336 _atext
_btxt
_2rdacontent
337 _abez média
_bn
_2rdamedia
338 _azväzok
_bnc
_2rdacarrier
490 1 _aLabyrint
_v27. zväzok
500 _aObsahuje biografické údaje o autorovi na prebale publikácie
500 _aÚdaje o sérii prevzaté z tiráže
500 _aVydavateľské údaje podľa NA ISBN
655 7 _anórske romány
_2SNKPH
_92134
655 7 _adetektívne romány
_2SNKPH
_91710
655 7 _aNorwegian fiction
_2SNKPHeng
_92136
655 7 _aDetective novels
_2SNKPHeng
_91711
700 1 _aDemjánová, Zuzana,
_d1977
_4trl
_93662
958 _aLX
958 _aUP